[Event "Pozarevac Rudar GM 03"]
[Site "Pozarevac"]
[Date "2025.04.03"]
[Round "6"]
[White "Mrithyunjay, Mahadevan"]
[Black "Peng, Li Min"]
[Result "1/2-1/2"]
[WhiteElo "2295"]
[BlackElo "2504"]
[PlyCount "70"]
[EventDate "2025.03.30"]
[EventType "tourn"]
[EventRounds "9"]
[EventCountry "SRB"]
[EventCategory "6"]
[SourceTitle "CB15_2025"]
[SourceDate "2025.04.09"]
[SourceVersion "1"]
[SourceVersionDate "2025.04.09"]
[SourceQuality "1"]

1. e4 c5 2. Nf3 d6 3. d4 cxd4 4. Nxd4 Nf6 5. f3 Nc6 6. c4 Qb6 7. Nc2 g6 8. Nc3 Bg7 9. Rb1 Nb4 10. Nxb4 Qxb4 11. Be3 0-0 12. Qd2 Be6 13. Nd5 Qxd2+ 14. Kxd2 Nxd5 15. cxd5 Bd7 16. Bd3 a6 17. Rhc1 Rfc8 18. b4 h5 19. h3 Kf8 20. Bf4 f5 21. Ke2 Kf7 22. Bd2 fxe4 23. Bxe4 Be5 24. g4 hxg4 25. hxg4 Rxc1 26. Rxc1 Rh8 27. Bg5 Rh2+ 28. Ke3 Bb5 29. f4 Re2+ 30. Kf3 Bd4 31. f5 Rf2+ 32. Kg3 gxf5 33. Bxf5 Rxa2 34. Be6+ Kg6 35. Bxe7 Be5+ 1/2-1/2

[Event "Pozarevac Rudar GM 03"]
[Site "Pozarevac"]
[Date "2025.04.01"]
[Round "3"]
[White "Sedlak, Nikola"]
[Black "Mrithyunjay, Mahadevan"]
[Result "1/2-1/2"]
[WhiteElo "2449"]
[BlackElo "2295"]
[PlyCount "47"]
[EventDate "2025.03.30"]
[EventType "tourn"]
[EventRounds "9"]
[EventCountry "SRB"]
[EventCategory "6"]
[SourceTitle "CB15_2025"]
[SourceDate "2025.04.09"]
[SourceVersion "1"]
[SourceVersionDate "2025.04.09"]
[SourceQuality "1"]

1. Nf3 d5 2. g3 g6 3. Bg2 Bg7 4. d4 Nf6 5. 0-0 0-0 6. a4 Ne4 7. a5 c5 8. dxc5 Nc6 9. c3 Nxc5 10. Be3 Ne4 11. Qa4 Bd7 12. a6 bxa6 13. Qxa6 Rb8 14. Qa3 Rb5 15. Nbd2 Nd6 16. Nd4 Bxd4 17. Bxd4 Nf5 18. Nf3 Qb8 19. b4 Nfxd4 20. Nxd4 Nxd4 21. cxd4 Rxb4 22. Qxa7 Qxa7 23. Rxa7 Rd8 24. e3 1/2-1/2

[Event "Pozarevac Rudar GM 03"]
[Site "Pozarevac"]
[Date "2025.03.30"]
[Round "1"]
[White "Khodko, Yurii N"]
[Black "Mrithyunjay, Mahadevan"]
[Result "0-1"]
[WhiteElo "2354"]
[BlackElo "2295"]
[PlyCount "94"]
[EventDate "2025.03.30"]
[EventType "tourn"]
[EventRounds "9"]
[EventCountry "SRB"]
[EventCategory "6"]
[SourceTitle "CB15_2025"]
[SourceDate "2025.04.09"]
[SourceVersion "1"]
[SourceVersionDate "2025.04.09"]
[SourceQuality "1"]

1. e4 e5 2. Nf3 Nc6 3. Bc4 Nf6 4. d3 h6 5. 0-0 d6 6. c3 g5 7. b4 Bg7 8. Re1 0-0 9. Bb2 g4 10. Nfd2 d5 11. Bb3 d4 12. Bc4 a6 13. a4 Nh5 14. Na3 Nf4 15. Nf1 h5 16. Ng3 h4 17. Ne2 h3 18. g3 Ne6 19. Nc2 Qf6 20. Nc1 Ng5 21. Re2 Nf3+ 22. Kh1 dxc3 23. Bxc3 Nfd4 24. Rd2 Bh6 25. Ne3 Bxe3 26. fxe3 Nf3 27. Rf2 Be6 28. Bb3 Rad8 29. Qf1 Qg5 30. Qe2 b6 31. b5 axb5 32. axb5 Ne7 33. Bxe6 fxe6 34. Nb3 Ra8 35. Rff1 Rxa1 36. Rxa1 Nc8 37. Bb4 Nd6 38. Rc1 Rf7 39. Bxd6 cxd6 40. Rf1 d5 41. exd5 exd5 42. Nd2 Nxd2 43. Rxf7 Kxf7 44. Qxd2 Qf5 45. Kg1 Qf3 46. e4 d4 47. Qf2 Qxf2+ 0-1

[Event "Budapest SixDays 03 IM-A"]
[Site "Budapest"]
[Date "2025.03.29"]
[Round "9"]
[White "Mrithyunjay, Mahadevan"]
[Black "Karacsonyi, Bank"]
[Result "1-0"]
[WhiteElo "2295"]
[BlackElo "2162"]
[PlyCount "65"]
[EventDate "2025.03.24"]
[EventType "tourn"]
[EventRounds "9"]
[EventCountry "HUN"]
[SourceTitle "CB14_2025"]
[SourceDate "2024.11.01"]
[SourceVersion "1"]
[SourceVersionDate "2024.11.01"]
[SourceQuality "1"]

1. Nf3 c5 2. e4 a6 3. c4 Nc6 4. d4 cxd4 5. Nxd4 e5 6. Nc2 Nf6 7. Nc3 Bc5 8. Bd3 d6 9. Nd5 Nxd5 10. cxd5 Nd4 11. 0-0 Qh4 12. Be3 Bg4 13. f3 Nxc2 14. Bxc5 Nxa1 15. Bf2 Qg5 16. fxg4 0-0 17. h3 Rac8 18. Qxa1 Qd2 19. Rd1 Qb4 20. Be1 Qd4+ 21. Kf1 b5 22. Qb1 Qa4 23. a3 Rfd8 24. Bb4 Qb3 25. Ke2 Rd7 26. Rc1 Rxc1 27. Qxc1 Kf8 28. Qc8+ Ke7 29. Bc3 a5 30. Qc6 b4 31. axb4 axb4 32. Bd2 Qxb2 33. Bb5 1-0

[Event "Budapest SixDays 03 IM-A"]
[Site "Budapest"]
[Date "2025.03.27"]
[Round "6"]
[White "Mrithyunjay, Mahadevan"]
[Black "Cu, Ivan Travis"]
[Result "1-0"]
[WhiteElo "2295"]
[BlackElo "2286"]
[PlyCount "111"]
[EventDate "2025.03.24"]
[EventType "tourn"]
[EventRounds "9"]
[EventCountry "HUN"]
[SourceTitle "CB14_2025"]
[SourceDate "2024.11.01"]
[SourceVersion "1"]
[SourceVersionDate "2024.11.01"]
[SourceQuality "1"]

1. d4 Nf6 2. c4 c6 3. Nf3 d5 4. Nc3 dxc4 5. a4 e6 6. e3 c5 7. Bxc4 cxd4 8. Nxd4 Bb4 9. Bd2 0-0 10. 0-0 Nc6 11. Nxc6 bxc6 12. Qc2 a5 13. Rfd1 Qe7 14. Ne2 Bxd2 15. Rxd2 Nd5 16. Rad1 Ba6 17. Bxa6 Rxa6 18. e4 Nb4 19. Qc4 Raa8 20. Nd4 h6 21. g3 Qc7 22. Nb5 Qe7 23. Nd6 Rfd8 24. e5 Qa7 25. Kg2 Rab8 26. h4 Rd7 27. Rc1 Nd5 28. Qc5 Nb4 29. f4 Qc7 30. Kh3 Qd8 31. Rcd1 Nd5 32. Qxc6 Rb4 33. Rf1 Ne7 34. Qa6 Rxa4 35. Nb7 Rxd2 36. Nxd8 Rxd8 37. Qa7 Kf8 38. Rc1 h5 39. b3 Ra2 40. Rc7 Re8 41. Rb7 g6 42. Qc5 a4 43. b4 a3 44. Ra7 Ra1 45. Qc3 Rb1 46. Qxa3 Nf5 47. Qd3 Rh1+ 48. Kg2 Rd1 49. Qa6 Rd2+ 50. Kh3 Kg7 51. Qc6 Re7 52. Ra8 g5 53. hxg5 Red7 54. Qc8 Kg6 55. Qg8+ Ng7 56. Qh8 1-0

[Event "Budapest SixDays 03 IM-A"]
[Site "Budapest"]
[Date "2025.03.26"]
[Round "4"]
[White "Mrithyunjay, Mahadevan"]
[Black "Md, Imran"]
[Result "1/2-1/2"]
[WhiteElo "2295"]
[BlackElo "2421"]
[PlyCount "70"]
[EventDate "2025.03.24"]
[EventType "tourn"]
[EventRounds "9"]
[EventCountry "HUN"]
[SourceTitle "CB14_2025"]
[SourceDate "2024.11.01"]
[SourceVersion "1"]
[SourceVersionDate "2024.11.01"]
[SourceQuality "1"]

1. e4 c5 2. Nf3 Nc6 3. Bb5 e6 4. 0-0 Nge7 5. d4 cxd4 6. Nxd4 Qb6 7. Nxc6 bxc6 8. Bd3 Ng6 9. c4 Be7 10. Nc3 0-0 11. Rb1 e5 12. Be3 Qc7 13. g3 d6 14. b4 Bh3 15. Re1 Be6 16. Qd2 Rfc8 17. Rec1 Qd7 18. b5 cxb5 19. cxb5 Bd8 20. Nd5 Bxd5 21. exd5 Rxc1+ 22. Rxc1 e4 23. Bxe4 Qxb5 24. Qc2 Qb8 25. Qc6 Bf6 26. Rb1 Qd8 27. Rb7 Ne5 28. Qa4 a5 29. Bf5 g6 30. Bh3 Rb8 31. Qb5 Rxb7 32. Qxb7 Nc4 33. Bf4 Be5 34. Bh6 Bg7 35. Bf4 Be5 1/2-1/2

[Event "Budapest SixDays 03 IM-A"]
[Site "Budapest"]
[Date "2025.03.24"]
[Round "1"]
[White "Heimisson, Hilmir Freyr"]
[Black "Mrithyunjay, Mahadevan"]
[Result "1-0"]
[WhiteElo "2388"]
[BlackElo "2295"]
[PlyCount "83"]
[EventDate "2025.03.24"]
[EventType "tourn"]
[EventRounds "9"]
[EventCountry "HUN"]
[SourceTitle "CB14_2025"]
[SourceDate "2024.11.01"]
[SourceVersion "1"]
[SourceVersionDate "2024.11.01"]
[SourceQuality "1"]

1. Nf3 Nf6 2. g3 c5 3. Bg2 g6 4. b3 Bg7 5. Bb2 Nc6 6. c4 0-0 7. 0-0 d6 8. d4 cxd4 9. Nxd4 Bd7 10. Nc3 Nxd4 11. Qxd4 Bc6 12. Nd5 Ne8 13. Qd2 e6 14. Bxg7 Nxg7 15. Ne3 Qc7 16. Rfd1 Rfd8 17. Ng4 Ne8 18. Qg5 Bxg2 19. Kxg2 Qc5 20. h4 h5 21. Ne3 Rdc8 22. Qf4 a5 23. g4 Ra6 24. Rd3 b5 25. gxh5 Qxh5 26. cxb5 Qxb5 27. Ng4 Rc7 28. Rg1 Qb4 29. Qg3 Ng7 30. Nf6+ Kf8 31. Qg5 Nf5 32. e4 Qb7 33. Kh2 Rc5 34. exf5 Rxf5 35. Qh6+ Ke7 36. Ng8+ Kd7 37. Qf8 Rxf2+ 38. Kg3 Rf5 39. Qe7+ Kc8 40. Rc1+ Kb8 41. Qd8+ Ka7 42. Rc7 1-0

[Event "Budapest One Week IM-B 03"]
[Site "Budapest"]
[Date "2025.03.18"]
[Round "3"]
[White "Mrithyunjay, Mahadevan"]
[Black "Pribelszky, Bence Daniel"]
[Result "1/2-1/2"]
[WhiteElo "2295"]
[BlackElo "2400"]
[PlyCount "126"]
[EventDate "2025.03.17"]
[EventType "tourn"]
[EventRounds "9"]
[EventCountry "HUN"]
[EventCategory "1"]
[SourceTitle "CB13_2025"]
[SourceDate "2025.03.26"]
[SourceVersion "1"]
[SourceVersionDate "2025.03.26"]
[SourceQuality "1"]

1. Nf3 Nf6 2. b3 b6 3. Bb2 Bb7 4. e3 g6 5. d4 Bg7 6. Bd3 0-0 7. Nbd2 d6 8. 0-0 Nbd7 9. Re1 Re8 10. e4 e5 11. d5 Nh5 12. b4 Bh6 13. c4 a5 14. a3 Rf8 15. Bc3 f5 16. bxa5 Nf4 17. Bf1 Nc5 18. exf5 gxf5 19. Nb3 Ne4 20. Bb4 Kh8 21. axb6 cxb6 22. Nbd2 Nc5 23. Qc2 Bg7 24. Bc3 Na4 25. g3 Ng6 26. Rad1 Bc8 27. Ba1 Nc5 28. Bb2 Bd7 29. Rb1 Rf7 30. Qc1 f4 31. h4 fxg3 32. fxg3 Bh6 33. Qd1 Qg8 34. Bg2 Bg4 35. Nf1 Raf8 36. N1h2 Bf5 37. h5 Bxb1 38. Qxb1 Ne7 39. Nxe5 dxe5 40. Rxe5 Bg7 41. Rg5 h6 42. Rg4 Qh7 43. Bxg7+ Rxg7 44. Qxb6 Nd7 45. Qe6 Qb1+ 46. Nf1 Qb6+ 47. Qxb6 Nxb6 48. Rxg7 Kxg7 49. d6 Nf5 50. c5 Na4 51. g4 Nh4 52. c6 Nxg2 53. Kxg2 Kf6 54. Ne3 Ke6 55. Nf5 Nb6 56. d7 Nd5 57. Nxh6 Ne7 58. g5 Nxc6 59. g6 Ne7 60. g7 Rd8 61. Ng4 Kf7 62. h6 Nf5 63. Kf3 Nxh6 1/2-1/2

[Event "Titled Tuesday intern op 10th Sep Early"]
[Site "Chess,com INT"]
[Date "2024.09.10"]
[Round "5"]
[White "Mrithyunjay, Mahadevan"]
[Black "Swara, Lakshmi S Nair"]
[Result "1-0"]
[WhiteElo "2072"]
[BlackElo "2018"]
[PlyCount "61"]
[EventDate "2024.09.10"]
[EventType "swiss (blitz)"]
[EventRounds "11"]
[EventCountry "USA"]
[SourceTitle "EXT 2025"]
[Source "ChessBase"]
[SourceDate "2024.10.14"]
[SourceVersion "1"]
[SourceVersionDate "2024.10.14"]
[SourceQuality "1"]

1. d4 Nf6 2. Nc3 d5 3. Bf4 g6 4. e3 Bg7 5. Nb5 Na6 6. Nf3 0-0 7. Be2 c6 8. Nc3 Bf5 9. 0-0 Re8 10. h3 Nc7 11. a4 Ne4 12. Nxe4 dxe4 13. Nh4 e5 14. Nxf5 exf4 15. Nxg7 Kxg7 16. exf4 Ne6 17. f5 Nxd4 18. fxg6 hxg6 19. c3 Nxe2+ 20. Qxe2 Qg5 21. Rad1 Rad8 22. Rxd8 Qxd8 23. Rd1 Qg5 24. Rd7 Re7 25. Rd4 e3 26. Rg4 exf2+ 27. Qxf2 Qc1+ 28. Kh2 Re1 29. Rf4 Re7 30. Qd4+ Kf8 31. Qh8# 1-0

[Event "Titled Tuesday intern op 10th Sep Early"]
[Site "Chess,com INT"]
[Date "2024.09.10"]
[Round "8"]
[White "Rogov, Matfey"]
[Black "Mrithyunjay, Mahadevan"]
[Result "0-1"]
[WhiteElo "2188"]
[BlackElo "2072"]
[PlyCount "97"]
[EventDate "2024.09.10"]
[EventType "swiss (blitz)"]
[EventRounds "11"]
[EventCountry "USA"]
[SourceTitle "EXT 2025"]
[Source "ChessBase"]
[SourceDate "2024.10.14"]
[SourceVersion "1"]
[SourceVersionDate "2024.10.14"]
[SourceQuality "1"]

1. d4 d5 2. Bg5 f6 3. Bh4 Nh6 4. e3 Nf5 5. Bg3 h5 6. h4 Nxg3 7. fxg3 Qd6 8. Ne2 Bg4 9. Nbc3 Nc6 10. Qd2 a6 11. 0-0-0 0-0-0 12. e4 dxe4 13. Nxe4 Qe6 14. N4c3 Qf7 15. Qe3 e6 16. Rd2 g6 17. Nf4 Bh6 18. Bc4 Rhe8 19. Re1 Qh7 20. Kb1 e5 21. d5 exf4 22. Qxe8 Rxe8 23. Rxe8+ Nd8 24. d6 Qd7 25. dxc7 Qxd2 26. cxd8Q+ Qxd8 27. Rxd8+ Kxd8 28. gxf4 Bxf4 29. Ne4 Ke7 30. Nc3 Bg3 31. Nd5+ Kf7 32. Nf4+ Kg7 33. Ne6+ Kh6 34. Nc5 Bc8 35. a4 Bxh4 36. b4 Bf2 37. Ne4 Bd4 38. c3 Bf5 39. cxd4 Bxe4+ 40. Kb2 Bxg2 41. d5 Kg7 42. d6 Kf8 43. Kc3 h4 44. Be6 h3 45. d7 Ke7 46. Bxh3 Bxh3 47. b5 Bxd7 48. Kb4 axb5 49. Ka5 0-1

[Event "Titled Tuesday intern op 03rd Sep Early"]
[Site "Chess.com INT"]
[Date "2024.09.03"]
[Round "4"]
[White "Mrithyunjay, Mahadevan"]
[Black "Muradli, Mahammad"]
[Result "0-1"]
[WhiteElo "2072"]
[BlackElo "2576"]
[PlyCount "52"]
[EventDate "2024.09.03"]
[EventType "swiss (blitz)"]
[EventRounds "11"]
[EventCountry "USA"]
[SourceTitle "EXT 2025"]
[Source "ChessBase"]
[SourceDate "2024.10.14"]
[SourceVersion "1"]
[SourceVersionDate "2024.10.14"]
[SourceQuality "1"]

1. d4 Nf6 2. Nc3 d5 3. Bf4 c6 4. e3 Bf5 5. Nf3 e6 6. h3 Bd6 7. Bxd6 Qxd6 8. Bd3 Nbd7 9. 0-0 0-0 10. Re1 Bxd3 11. cxd3 e5 12. dxe5 Nxe5 13. Nxe5 Qxe5 14. d4 Qd6 15. Qb3 a6 16. Na4 Ne4 17. Rac1 Rab8 18. Nc5 Rfe8 19. Qb6 Nxc5 20. Rxc5 Re7 21. Rec1 Rbe8 22. b4 f5 23. a4 f4 24. b5 fxe3 25. bxc6 exf2+ 26. Kxf2 Qf4+ 0-1

[Event "Titled Tuesday intern op 03rd Sep Early"]
[Site "Chess.com INT"]
[Date "2024.09.03"]
[Round "8"]
[White "Mrithyunjay, Mahadevan"]
[Black "Oparin, Grigoriy"]
[Result "0-1"]
[WhiteElo "2072"]
[BlackElo "2662"]
[PlyCount "52"]
[EventDate "2024.09.03"]
[EventType "swiss (blitz)"]
[EventRounds "11"]
[EventCountry "USA"]
[SourceTitle "EXT 2025"]
[Source "ChessBase"]
[SourceDate "2024.10.14"]
[SourceVersion "1"]
[SourceVersionDate "2024.10.14"]
[SourceQuality "1"]

1. d4 Nf6 2. Nc3 e6 3. e4 d5 4. e5 Nfd7 5. Nce2 c5 6. c3 Nc6 7. Nf3 a5 8. a4 b6 9. Nf4 cxd4 10. cxd4 Bb4+ 11. Bd2 0-0 12. h4 h6 13. Bd3 Ba6 14. Bb1 Bxd2+ 15. Qxd2 Nb4 16. Nh5 f5 17. Nf4 Qe8 18. Ra3 Rf7 19. Rc3 Nf8 20. b3 Rc8 21. Nd3 Rfc7 22. Rxc7 Rxc7 23. Nxb4 axb4 24. Rg1 Qc8 25. Qxb4 Ng6 26. g3 Rc3 0-1

[Event "SRI-ch Dini"]
[Site "Colombo"]
[Date "2024.08.04"]
[Round "10"]
[White "Mrithyunjay, Mahadevan"]
[Black "Kulasekara, Kashapa DMT"]
[Result "1-0"]
[WhiteElo "2018"]
[BlackElo "1902"]
[PlyCount "45"]
[EventDate "2024.07.29"]
[EventType "swiss"]
[EventRounds "10"]
[EventCountry "SRI"]
[SourceTitle "CBM 221 Extra"]
[Source "ChessBase"]
[SourceDate "2024.09.30"]
[SourceVersion "1"]
[SourceVersionDate "2024.09.30"]
[SourceQuality "1"]

1. e4 c5 2. Nf3 d6 3. d4 cxd4 4. Nxd4 Nf6 5. f3 a6 6. c4 e6 7. Nc3 Be7 8. Be3 Qc7 9. Be2 0-0 10. 0-0 Nbd7 11. Rc1 b6 12. b4 Bb7 13. Qb3 Rfe8 14. Rfd1 Rac8 15. Na4 Qb8 16. Nc2 Bd8 17. g4 h6 18. Bf1 Ne5 19. Ne1 d5 20. cxd5 exd5 21. Rxc8 Bxc8 22. h3 dxe4 23. f4 1-0

[Event "SRI-ch Dini"]
[Site "Colombo"]
[Date "2024.07.31"]
[Round "4"]
[White "Mrithyunjay, Mahadevan"]
[Black "Pallie, Tuan Ehshan"]
[Result "1-0"]
[WhiteElo "2018"]
[BlackElo "1779"]
[PlyCount "45"]
[EventDate "2024.07.29"]
[EventType "swiss"]
[EventRounds "10"]
[EventCountry "SRI"]
[SourceTitle "CBM 221 Extra"]
[Source "ChessBase"]
[SourceDate "2024.09.30"]
[SourceVersion "1"]
[SourceVersionDate "2024.09.30"]
[SourceQuality "1"]

1. e4 c5 2. Nf3 d6 3. d4 cxd4 4. Nxd4 Nf6 5. f3 Nc6 6. c4 e6 7. Nc3 Be7 8. Be3 0-0 9. Be2 d5 10. cxd5 exd5 11. Nxc6 bxc6 12. exd5 cxd5 13. 0-0 Qa5 14. Kh1 Rb8 15. Qd2 Be6 16. a3 d4 17. Bxd4 Bb3 18. Qe3 Rb7 19. Nb5 Qa4 20. Nc3 Qa5 21. Bd1 Nd5 22. Qe4 Bxd1 23. Nxd5 1-0

[Event "IND-ch U17 34th"]
[Site "Chandigarh"]
[Date "2024.07.22"]
[Round "10"]
[White "Vignesh, Advaith Vemula"]
[Black "Mrithyunjay, Mahadevan"]
[Result "1/2-1/2"]
[WhiteElo "2201"]
[BlackElo "2018"]
[PlyCount "106"]
[EventDate "2024.07.15"]
[EventType "swiss"]
[EventRounds "11"]
[EventCountry "IND"]
[SourceTitle "CBM 221 Extra"]
[Source "ChessBase"]
[SourceDate "2024.09.30"]
[SourceVersion "1"]
[SourceVersionDate "2024.09.30"]
[SourceQuality "1"]

1. e4 c6 2. Nf3 d5 3. Nc3 dxe4 4. Nxe4 Nf6 5. Nxf6+ exf6 6. Bc4 Bd6 7. 0-0 0-0 8. h3 Be6 9. Bxe6 fxe6 10. d4 Nd7 11. c4 b6 12. Be3 Qc7 13. Qc2 c5 14. Rad1 Rac8 15. dxc5 Bxc5 16. Nd4 Bxd4 17. Rxd4 Rf7 18. Rfd1 e5 19. Rd5 f5 20. Qd3 Nf6 21. Rd8+ Rxd8 22. Qxd8+ Qxd8 23. Rxd8+ Rf8 24. Rxf8+ Kxf8 25. f4 e4 26. Kf2 Nd7 27. b4 Kf7 28. Bd2 Nf8 29. g4 g6 30. Be3 Ne6 31. Kg3 h6 32. a4 Ke7 33. gxf5 gxf5 34. Kh4 Kf6 35. Kg3 Ke7 36. Kf2 Kd6 37. Kg3 a5 38. bxa5 bxa5 39. Bb6 Kc6 40. Bxa5 Kc5 41. Bd2 Kxc4 42. Kf2 Nc5 43. a5 Kb5 44. Ke3 Nb3 45. Be1 Nxa5 46. Kd4 Nc6+ 47. Kd5 Nb4+ 48. Ke5 Nd3+ 49. Kxf5 Nxe1 50. Kxe4 Kc6 51. Kf5 Nd3 52. Kg6 Nxf4+ 53. Kxh6 Nxh3 1/2-1/2

[Event "IND-ch U17 34th"]
[Site "Chandigarh"]
[Date "2024.07.20"]
[Round "8"]
[White "Shubh, Kapur"]
[Black "Mrithyunjay, Mahadevan"]
[Result "0-1"]
[WhiteElo "1755"]
[BlackElo "2018"]
[PlyCount "124"]
[EventDate "2024.07.15"]
[EventType "swiss"]
[EventRounds "11"]
[EventCountry "IND"]
[SourceTitle "CBM 221 Extra"]
[Source "ChessBase"]
[SourceDate "2024.09.30"]
[SourceVersion "1"]
[SourceVersionDate "2024.09.30"]
[SourceQuality "1"]

1. d4 d5 2. c4 dxc4 3. e4 b5 4. a4 c6 5. axb5 cxb5 6. Nc3 a6 7. Nxb5 axb5 8. Rxa8 Bb7 9. Ra2 e6 10. Ne2 Bxe4 11. b3 Nc6 12. bxc4 bxc4 13. Nc3 Bb4 14. Bd2 Bxc3 15. Bxc3 Nge7 16. Qg4 Bf5 17. Qg5 0-0 18. Bxc4 Nxd4 19. 0-0 Nec6 20. Qe3 Qh4 21. Bd3 Rd8 22. Ra4 Bxd3 23. Qxd3 Ne2+ 24. Qxe2 Qxa4 25. Qf3 f6 26. h3 Qc4 27. Bb2 Nd4 28. Bxd4 Qxd4 29. Rb1 Qd5 30. Qg3 e5 31. Qb3 Qxb3 32. Rxb3 Kf7 33. Kh2 Ke6 34. Kg3 g5 35. h4 h6 36. hxg5 hxg5 37. Ra3 Rd4 38. Kf3 Rf4+ 39. Ke3 g4 40. Ra8 Kf5 41. f3 Rb4 42. Rg8 Ra4 43. Rg7 Ra3+ 44. Kf2 Ra2+ 45. Kg3 gxf3 46. gxf3 Ke6 47. Rg8 f5 48. Re8+ Kf6 49. Rf8+ Kg6 50. Rg8+ Kf7 51. Rb8 Ra3 52. Kf2 Kf6 53. f4 e4 54. Rb6+ Kf7 55. Rb7+ Kg6 56. Ke2 Rf3 57. Rb6+ Kh5 58. Rb8 Rxf4 59. Rh8+ Kg6 60. Ke3 Rf3+ 61. Kd4 Kf6 62. Rf8+ Kg5 0-1

[Event "IND-ch U17 34th"]
[Site "Chandigarh"]
[Date "2024.07.19"]
[Round "7"]
[White "Mrithyunjay, Mahadevan"]
[Black "Chaudhari, Ashish"]
[Result "1-0"]
[WhiteElo "2018"]
[BlackElo "1853"]
[PlyCount "37"]
[EventDate "2024.07.15"]
[EventType "swiss"]
[EventRounds "11"]
[EventCountry "IND"]
[SourceTitle "CBM 221 Extra"]
[Source "ChessBase"]
[SourceDate "2024.09.30"]
[SourceVersion "1"]
[SourceVersionDate "2024.09.30"]
[SourceQuality "1"]

1. Nf3 Nf6 2. b3 g6 3. Bb2 Bg7 4. e3 d5 5. d4 c5 6. dxc5 Qa5+ 7. Nbd2 Qxc5 8. c4 0-0 9. Rc1 Nc6 10. a3 b6 11. b4 Qd6 12. cxd5 Qxd5 13. Bc4 Qd6 14. Qb3 Bb7 15. 0-0 a6 16. Rfd1 e6 17. Bxf6 Bxf6 18. Ne4 Qe7 19. Rd7 1-0

[Event "Titled Tuesday intern op 02nd Jul Early"]
[Site "Chess.com INT"]
[Date "2024.07.02"]
[Round "2"]
[White "Mrithyunjay, Mahadevan"]
[Black "Rom, Jasper B"]
[Result "1-0"]
[WhiteElo "2017"]
[BlackElo "2178"]
[PlyCount "69"]
[EventDate "2024.07.02"]
[EventType "swiss (blitz)"]
[EventRounds "11"]
[EventCountry "USA"]
[SourceTitle "EXT 2025"]
[Source "ChessBase"]
[SourceDate "2024.10.14"]
[SourceVersion "1"]
[SourceVersionDate "2024.10.14"]
[SourceQuality "1"]

1. e4 e6 2. d4 d5 3. Nc3 Nf6 4. e5 Nfd7 5. f4 c5 6. Nf3 Nc6 7. Be3 Be7 8. a3 0-0 9. Qd2 a6 10. dxc5 Nxc5 11. b4 Ne4 12. Nxe4 dxe4 13. Qxd8 Rxd8 14. Nd2 f5 15. exf6 Bxf6 16. 0-0-0 a5 17. b5 Ne7 18. Bc4 Nf5 19. Bb6 Rd6 20. Bc5 Rd5 21. Bxd5 exd5 22. g4 Nh4 23. g5 Bc3 24. Nb1 b6 25. Bxb6 Rb8 26. Bc7 Rb7 27. b6 d4 28. Nxc3 dxc3 29. Rd8+ Kf7 30. Rxc8 Nf3 31. f5 Nxg5 32. Rb8 Rxb8 33. Bxb8 Kf6 34. Bf4 Nf3 35. b7 1-0

[Event "Titled Tuesday intern op 25th Jun Early"]
[Site "Chess.com INT"]
[Date "2024.06.25"]
[Round "2"]
[White "Fernandez Hernandez, Gerardo"]
[Black "Mrithyunjay, Mahadevan"]
[Result "0-1"]
[WhiteElo "2161"]
[BlackElo "1867"]
[PlyCount "78"]
[EventDate "2024.06.25"]
[EventType "swiss (blitz)"]
[EventRounds "11"]
[EventCountry "USA"]
[SourceTitle "EXT 2025"]
[Source "ChessBase"]
[SourceDate "2024.10.14"]
[SourceVersion "1"]
[SourceVersionDate "2024.10.14"]
[SourceQuality "1"]

1. e4 e5 2. Nf3 Nc6 3. d4 exd4 4. Bc4 Nf6 5. e5 d5 6. Bb5 Ne4 7. Nxd4 Bc5 8. 0-0 Bd7 9. Bxc6 bxc6 10. f3 Ng5 11. f4 Ne6 12. Be3 Qh4 13. c3 0-0 14. f5 Nxd4 15. cxd4 Be7 16. Qd2 Rfb8 17. Nc3 f6 18. e6 Be8 19. Rf4 Qh5 20. Raf1 Bd6 21. Na4 Rb4 22. Nc5 Rab8 23. b3 R4b6 24. g4 Qh4 25. Qf2 Qh3 26. Qf3 Qh6 27. Qf2 Bxf4 28. Bxf4 Qh3 29. Bxc7 Qxg4+ 30. Qg2 Qxd4+ 31. Qf2 Qg4+ 32. Qg2 Qxg2+ 33. Kxg2 Kf8 34. Bxb8 Rxb8 35. a4 Ke7 36. Rd1 Rb4 37. Kf3 Kd6 38. Rc1 Bh5+ 39. Ke3 Bg4 0-1

[Event "Titled Tuesday intern op 25th Jun Early"]
[Site "Chess.com INT"]
[Date "2024.06.25"]
[Round "3"]
[White "Mrithyunjay, Mahadevan"]
[Black "Ostrovskiy, Aleksandr A"]
[Result "0-1"]
[WhiteElo "1867"]
[BlackElo "2400"]
[PlyCount "124"]
[EventDate "2024.06.25"]
[EventType "swiss (blitz)"]
[EventRounds "11"]
[EventCountry "USA"]
[SourceTitle "EXT 2025"]
[Source "ChessBase"]
[SourceDate "2024.10.14"]
[SourceVersion "1"]
[SourceVersionDate "2024.10.14"]
[SourceQuality "1"]

1. c4 b6 2. Nc3 Bb7 3. e4 e5 4. g3 Bc5 5. Bg2 Nc6 6. Nge2 Nge7 7. 0-0 0-0 8. a3 a5 9. d3 d6 10. Rb1 h6 11. Nd5 Nxd5 12. exd5 Nd4 13. Nc3 Nf5 14. b4 axb4 15. axb4 Bd4 16. Nb5 Ba6 17. Be4 Bxb5 18. Bxf5 Bd7 19. Qg4 Bxf5 20. Qxf5 Ra2 21. Be3 Bxe3 22. fxe3 Qg5 23. Qxg5 hxg5 24. Rf2 Rfa8 25. Rbb2 Rxb2 26. Rxb2 Ra3 27. Rd2 e4 28. dxe4 Rxe3 29. Rd4 g4 30. Kf2 Rf3+ 31. Ke2 Rb3 32. c5 bxc5 33. bxc5 dxc5 34. Rc4 Rb5 35. Ke3 Kf8 36. Kf4 Ke7 37. e5 Rb4 38. Rxb4 cxb4 39. Ke4 f6 40. e6 Kd6 41. Kd4 c6 42. dxc6 Kxc6 43. Kc4 Kd6 44. Kxb4 Kxe6 45. Kc4 Ke5 46. Kd3 f5 47. Ke3 g5 48. Kd3 f4 49. gxf4+ gxf4 50. Ke2 Ke4 51. Kf2 Kd3 52. Ke1 Ke3 53. Kf1 Kf3 54. Kg1 g3 55. Kh1 Kf2 56. hxg3 Kxg3 57. Kg1 f3 58. Kh1 Kf2 59. Kh2 Ke2 60. Kg3 f2 61. Kg4 f1Q 62. Kg5 Qf3 0-1

[Event "Titled Tuesday intern op 25th Jun Early"]
[Site "Chess.com INT"]
[Date "2024.06.25"]
[Round "11"]
[White "Mrithyunjay, Mahadevan"]
[Black "Sathvik, Adiga"]
[Result "0-1"]
[WhiteElo "1867"]
[BlackElo "2389"]
[PlyCount "54"]
[EventDate "2024.06.25"]
[EventType "swiss (blitz)"]
[EventRounds "11"]
[EventCountry "USA"]
[SourceTitle "EXT 2025"]
[Source "ChessBase"]
[SourceDate "2024.10.14"]
[SourceVersion "1"]
[SourceVersionDate "2024.10.14"]
[SourceQuality "1"]

1. c4 Nf6 2. Nf3 g6 3. g3 Bg7 4. Bg2 d6 5. 0-0 0-0 6. Nc3 Nc6 7. d4 e5 8. Be3 Ng4 9. Bg5 f6 10. Bc1 f5 11. d5 Ne7 12. e4 Nf6 13. Bg5 h6 14. Bxf6 Bxf6 15. Qd2 Bg7 16. Rae1 f4 17. h3 g5 18. b4 Ng6 19. c5 h5 20. Nh2 g4 21. hxg4 hxg4 22. f3 fxg3 23. Nxg4 Qh4 24. Bh1 Bxg4 25. fxg4 Bh6 26. Qc2 Rxf1+ 27. Rxf1 Be3+ 0-1